Kvalita života žiakov v škole

Na minha lista:
Detalhes bibliográficos
Autor principal: Bellová, Beáta, 1961- (Author)
Outros Autores: Jambor, Jaroslav, 1966- (Thesis advisor)
Formato: Manuscrito Livro
Idioma:inglês
Publicado em: STU v Bratislave MTF UIPH, 2010
Assuntos:
Acesso em linha:VAIS
Tags: Adicionar Tag
Sem tags, seja o primeiro a adicionar uma tag!

MARC

LEADER 00000ntm a22000003a 4500
001 stu207560
005 20160719160331.7
008 100715s2010------------------------eng-d
040 |a STU  |b slo 
041 0 |a eng 
100 1 |a Bellová, Beáta,  |d 1961-  |4 aut  |X 57551  |7 A000057551 
242 0 0 |a Quality of Pupils Life at School   |y eng 
245 1 |a Kvalita života žiakov v škole 
260 |b STU v Bratislave MTF UIPH,  |c 2010 
650 7 |a život  |2 stusub 
650 7 |a kvalita života  |2 stusub 
700 1 |a Jambor, Jaroslav,  |d 1966-  |4 ths  |u M7100  |U MTF Ústav inžinierskej pedagogiky a humatitných vied  |T MTF Katedra inžinierskej pedagogiky a psychológie  |X 41804  |U M7100  |Y 170  |7 A000041804 
856 4 |a info a plný text  |u http://is.stuba.sk/zp/portal_zp.pl?podrobnosti=58823  |3 VAIS 
996 |c M*DP-9529  |l MMSKP  |s P  |a 0  |w stu207560_0001